Normal view
MARC view
- Rissel, M. C
Entry Personal Name
001 - CONTROL NUMBER
- control field: 43339
003 - CONTROL NUMBER IDENTIFIER
- control field: NUST
005 - DATE AND TIME OF LATEST TRANSACTION
- control field: 20210314132623.0
008 - FIXED-LENGTH DATA ELEMENTS
- fixed length control field: 210314|| aca||aabn | a|a d
040 ## - CATALOGING SOURCE
- Original cataloging agency: NUST
- Transcribing agency: NUST
100 ## - HEADING--PERSONAL NAME
- Personal name: Rissel, M. C
670 ## - SOURCE DATA FOUND
- Source citation: Work cat.: (NUST): Assessment of deficiencies and preservation of bridge substructures below the waterline /, [1982]
